MARC

LEADER 00000nab a2200000 a 4500
001 vtls000251879
003 SK-MaSNL
005 20260303202853.0
008 111130c1986 xo 0 slo
015 |a SNBRB19rr/mm-uuuuu 
035 |a CL0261993 
040 |a SNKBUCL  |b slo  |c SNKBUCL  |e AACR2 
041 0 |a slo 
044 |a xo  |c SK 
080 |a 882-3(087.5)  |2 1981 
100 1 |a Michalkov, Sergej Vladimirovič,  |d 1913-2009  |4 aut  |9 200769 
245 1 0 |a Bocian a žaba  |c Sergej Michalkov ; Viera G. Kozová, Dušan Polakovič 
650 0 7 |a bájky  |2 snkbucl  |9 289991 
655 7 |a články z novín a časopisov  |2 snkbucl  |9 267496 
655 7 |a články z odboru literárna veda a krásna literatúra  |2 snkbucl  |9 770045 
700 1 |a Kozová, Viera G.  |4 trl  |9 957808 
700 1 |a Polakovič, Dušan,  |d 1950-2016  |4 gup  |9 113860 
773 0 |t Včielka  |g Roč. 28, č. 23 (1986), s. 5 
850 |a Slovenská národná knižnica v Martine  |a MTA001 
852 |a SNK  |b KIS3GCP 
958 |a RK 
958 |a LX 
958 |a SU 
992 |a RBX 
999 |c 2182398  |d 2184328